| 000 | 00993nam a2200313#a 4500 | ||
|---|---|---|---|
| 001 | 01080 | ||
| 003 | HDC | ||
| 007 | ta | ||
| 008 | 230623s2002 xx 000 0 eng d | ||
| 020 | _a0851994644 (hbk.). | ||
| 040 | _aHDC | ||
| 050 |
_aSF 494 _b.P67 2002 |
||
| 245 | 0 |
_aPoultry feedstuffs : _bsupply, composition, and nutritive value / _cedited by J.M. McNab and K.N. Boorman. |
|
| 264 | _aNew York, NY : | ||
| 264 |
_aWallington, Oxon _bCABI Pub., _cc2002. |
||
| 300 |
_ax,427p. : _b ill. ; _c 26cm. |
||
| 490 | _aPoultry science symposium series ; | ||
| 500 | _aIncludes bibliographical references. | ||
| 650 |
_aPoultry _xFeeding and feeds _vCongresses. |
||
| 700 | _aBoorman, K. N. | ||
| 700 | _aBoorman, K. N. | ||
| 700 | _aMcNab, J. M. | ||
| 711 |
_aPoultry Science Symposium _c (Edinburgh, Scotland) _d 1999 : |
||
| 711 |
_aPoultry Science Symposium ; _c (Edinburgh, Scotland) _d 1999 : |
||
| 942 | _2lcc | ||
| 942 | _cBK | ||
| 942 | _kSF 494 | ||
| 942 | _m.P67 2002 | ||
| 999 |
_c24230 _d24230 |
||